Normal view
MARC view
Entry Término temático
001 - NÚMERO DE CONTROL
- campo de control: 29057
003 - IDENTIFICADOR DEL NÚMERO DE CONTROL
- campo de control: FranzMayer
005 - FECHA Y HORA DE LA ÚLTIMA TRANSACCIÓN
- campo de control: 20230816141255.0
008 - DATOS DE LONGITUD FIJA
- campo de control de longitud fija: 230816|| aca||aabn | a|a d
040 ## - FUENTE DE LA CATALOGACIÓN
- Centro catalogador/agencia de origen: FranzMayer
- Centro/agencia transcriptor: FranzMayer
150 ## - ENCABEZAMIENTO--TÉRMINO DE MATERIA
- Término de materia o nombre geográfico como elemento de entrada: Historia de la arquitectura
- Subdivisión de forma: Arquitectura de Europa
670 ## - FUENTE DE DATOS ENCONTRADOS
- Cita de la fuente: Work cat.: (FranzMayer)10938: Autor Labaco, Ronald T. 29056, Ettore Sottsass, 2006